Statistics for Albums that are Concept Albums

Click here to take the quiz!

General Stats

  • This quiz has been taken 257 times
    (203 since last reset)
  • The average score is 7 of 14

Answer Stats

YearArtistAlbum% Correct
1972David BowieThe Rise and Fall of Ziggy Stardust and the Spiders from Mars
81%
1979Pink FloydThe Wall
74%
1969The WhoTommy
74%
1973Pink FloydThe Dark Side of the Moon
72%
1967The BeatlesSgt Pepper's Lonely Hearts Club Band
65%
1966The Beach BoysPet Sounds
58%
2004Green DayAmerican Idiot
53%
1977Pink FloydAnimals
40%
1976EaglesHotel California
38%
1972Jethro TullThick as a Brick
27%
2016BeyoncéLemonade
26%
2010Arcade FireThe {Suburbs}
21%
1995Smashing PumpkinsMellon Collie and the Infinite Sadness
12%
2003The Mars VoltaDe-Loused in the {Comatorium}
9%

Score Distribution

Percentile by Number Answered

Percent of People with Each Score

Your Score History

You have not taken this quiz since the last reset